| 000 | 00963nam a2200229 4500 | ||
|---|---|---|---|
| 001 | 83463 | ||
| 003 | BD-RjUL | ||
| 005 | 20240417104123.0 | ||
| 008 | 240325s1954 p ||||| |||| 00| 0 ur d | ||
| 035 | _a(BD-RjUL) 83463 | ||
| 040 |
_aBD-RjUL _beng _cBD-RjUL |
||
| 041 | _aurd | ||
| 082 |
_223 _a297.5 _bHUI 1954 |
||
| 100 |
_aحسين، سيد اعجاز ;; Hussein, Syed Ijaz _912511 |
||
| 245 |
_aانتخاب مضامين تهذيب الاخلاق ;; aintikhab madamin tahdhib alaikhilaq / _cسيد اعجاز حسين ؛مرتبه سيد ابو الخير و محمد سليم عبدالله;; Syed Ijaz Hussein, ;maratabah , Sayed Abu Al-Khair w Muhammad Salim Abdullah, |
||
| 260 |
_aHaydarabad : _bkitab Ijinsy, _c1954 |
||
| 300 |
_a138 p. ; _c18 cm |
||
| 650 | _aIslamic ethics | ||
| 700 |
_aابو الخير، سيد Abu Al-Khair, Sayed _912512 |
||
| 700 |
_aعبدالله, محمد سليم ;; Abdullah, Muhammad Salim _912513 |
||
| 942 |
_2ddc _cBK |
||
| 999 |
_c83463 _d83463 |
||